| 000 | 00489nam a2200169Ia 4500 | ||
|---|---|---|---|
| 008 | 090201s9999 xx 000 0 und d | ||
| 010 | _aKPL-9259 | ||
| 040 | _bमराठी | ||
| 041 | _aमराठी | ||
| 082 |
_a41199 _b9259 |
||
| 100 | _aरमेश मंत्री | ||
| 245 |
_aमहानगर _cरमेश मंत्री |
||
| 260 |
_c2004 _bमौज प्रकाशन |
||
| 300 |
_a261 _bमोठा |
||
| 600 | _aमहानगर | ||
| 942 | _cBOOK | ||
| 999 |
_c238412 _d238412 |
||